Tánctanitás
Správa o otvorení tanečného kurzu v Humennom od 29. 06. 1913. Učiteľom je Emil Glück. [Správa o jeho smrti bola v r. 1911 zrejme nepravdivá.]
| Médium: | Článok |
|---|---|
| Jazyk: | Hungarian |
| Témy: | |
| Zdroj: |
1. Homonna és Vidéke : Hetilap 1. Roč. 13, č. 27 (29.06.1913) s. 3 |
| LEADER | 00885nab#a2200313#ar4500 | ||
|---|---|---|---|
| 001 | 000071986 | ||
| 003 | SVKKK | ||
| 005 | 20020115xxxxxxx. | ||
| 008 | 06 c xo huno | ||
| FMT | |||
| 038 | |a SVKKK | ||
| 040 | |a SVKKK |b slo |e AACR2 | ||
| 041 | 0 | |a hun | |
| 044 | |a xo |c SK | ||
| 080 | |a 374 | ||
| 080 | |a 793 | ||
| 242 | 1 | 0 | |a Výuka tanca |
| 245 | 0 | 0 | |a Tánctanitás |
| 500 | |a mikrofilm | ||
| 520 | 2 | |a Správa o otvorení tanečného kurzu v Humennom od 29. 06. 1913. Učiteľom je Emil Glück. [Správa o jeho smrti bola v r. 1911 zrejme nepravdivá.] | |
| 650 | 0 | 4 | |a Glück, Emil (učiteľ tanca) - kurz tanečný - Humenné - od 29.06.1913 - správy |
| 773 | 0 | |t Homonna és Vidéke : Hetilap |g Roč. 13, č. 27 (29.06.1913) s. 3 | |
| 957 | |a Humenné | ||
| 958 | |a DG | ||
| 958 | |a SK | ||
| 974 | |a Ba |d 20020115 | ||
| 992 | |a RBX | ||
| BAS | |||
| 998 | |a RETRO | ||